| 000 | 00480ntaaa2200181 4500 | ||
|---|---|---|---|
| 003 | 01 | ||
| 005 | 20251027201312.0 | ||
| 008 | 0714s1973 ag 01 | ||
| 040 |
_aAR-BaBN _bspa _cAR-BaBN _eaacr _dRIC |
||
| 082 | _a221.9300 D91a | ||
| 100 |
_aDuncan, J. Garrow _910779 |
||
| 245 | _aThe accuracy of the Old Testament | ||
| 250 | _a1 ed. | ||
| 260 |
_aLondon : _bSociety for Promoting Christian Knowledge, _c1930 |
||
| 300 | _a192 p. | ||
| 650 | _aArqueología Bíblica | ||
| 942 | _cBK | ||
| 999 |
_c7429 _d7429 |
||